000
00289nam a2200109Ia 4500
001
1275989
005
20260417160438.0
008
260417s9999 xx 000 0 und d
020
_a
9786256910041
245
0
_a
Harizmi ve Uçmaktan Korkan Tırtıl
_c
Didem Demirel
260
_b
Ketebe Çocuk
999
_c
1275989
_d
1275989